[Event "Montserrat op"]
[Site "Montserrat"]
[Date "2022.08.29"]
[Round "1"]
[White "Granero Roca, Antonio"]
[Black "Torrijos Alhambra, Julian"]
[Result "1-0"]
[WhiteElo "2340"]
[BlackElo "1438"]
[PlyCount "83"]
[EventDate "2022.08.29"]
[EventType "swiss"]
[EventRounds "9"]
[EventCountry "ESP"]
[SourceTitle "CBM 210 Extra"]
[Source "ChessBase"]
[SourceDate "2022.11.30"]
[SourceVersion "1"]
[SourceVersionDate "2022.11.30"]
[SourceQuality "1"]

1. Nf3 Nf6 2. c4 e6 3. e3 d5 4. b3 b6 5. Bb2 Bb7 6. Be2 Bd6 7. d4 0-0 8. Nc3 a6 9. 0-0 Nbd7 10. Rc1 Qe7 11. Qc2 Ba3 12. Bxa3 Qxa3 13. cxd5 exd5 14. Nb1 Qd6 15. Qxc7 Qxc7 16. Rxc7 Rab8 17. Nbd2 b5 18. Rfc1 Rfc8 19. b4 Nb6 20. Nb3 Nc4 21. Rxc8+ Rxc8 22. Nc5 Rc7 23. a4 Nd7 24. axb5 axb5 25. Ra1 Nxc5 26. dxc5 Bc6 27. Nd4 g6 28. Ra6 Bd7 29. Bf3 Bc8 30. Ra8 Kg7 31. Bxd5 Nb6 32. Rxc8 Nxd5 33. Rxc7 Nxc7 34. e4 Kf6 35. f4 Ke7 36. Kf2 Kd7 37. g4 f6 38. Ke3 h6 39. Kd3 Ne6 40. Nxe6 Kxe6 41. Kd4 h5 42. f5+ 1-0

[Event "Burjassot U2200 op 4th"]
[Site "Burjassot"]
[Date "2016.09.30"]
[Round "4.14"]
[White "Cortes Fernandez, Leandro"]
[Black "Torrijos Alhambra, Julian"]
[Result "1-0"]
[WhiteElo "1725"]
[BlackElo "1556"]
[PlyCount "61"]
[EventDate "2016.09.09"]
[EventType "swiss"]
[EventRounds "7"]
[EventCountry "ESP"]
[SourceTitle "EXT 2024"]
[Source "ChessBase"]
[SourceDate "2023.10.10"]
[SourceVersion "1"]
[SourceVersionDate "2023.10.10"]
[SourceQuality "1"]

1. e4 e5 2. Nf3 Nf6 3. Nxe5 d6 4. Nf3 Nxe4 5. d4 d5 6. Bd3 Bf5 7. 0-0 Nd7 8. Re1 Ndf6 9. Nh4 Be6 10. Nf3 Bd6 11. Nbd2 Nxd2 12. Bxd2 0-0 13. Ne5 c5 14. c3 Qb6 15. Bg5 cxd4 16. cxd4 Bxe5 17. dxe5 Ng4 18. Qe2 h5 19. h3 f6 20. exf6 Nxf6 21. Qxe6+ Kh8 22. Qxb6 axb6 23. a3 d4 24. Re7 Ra5 25. Bxf6 gxf6 26. Rxb7 Rg5 27. h4 Rg4 28. Rc1 f5 29. Rcc7 Rf6 30. Rh7+ Kg8 31. Bc4+ 1-0

[Event "Burjassot U2200 op 4th"]
[Site "Burjassot"]
[Date "2016.09.23"]
[Round "3.2"]
[White "Torrijos Alhambra, Julian"]
[Black "Nieto Tornero, Jose"]
[Result "0-1"]
[WhiteElo "1556"]
[BlackElo "1934"]
[PlyCount "82"]
[EventDate "2016.09.09"]
[EventType "swiss"]
[EventRounds "7"]
[EventCountry "ESP"]
[SourceTitle "EXT 2024"]
[Source "ChessBase"]
[SourceDate "2023.10.10"]
[SourceVersion "1"]
[SourceVersionDate "2023.10.10"]
[SourceQuality "1"]

1. e4 e5 2. f4 d5 3. exd5 e4 4. Nc3 Nf6 5. Bb5+ c6 6. dxc6 bxc6 7. Bc4 Qd4 8. Qe2 Be7 9. h3 0-0 10. b3 Nbd7 11. Qe3 Qd6 12. Nge2 Bb7 13. Bb2 c5 14. Ng3 Rfe8 15. Nf5 Qb8 16. Qg3 Nh5 17. Nxe7+ Rxe7 18. Qh4 Nhf6 19. 0-0-0 a6 20. Rde1 Qd6 21. Re3 Rae8 22. Na4 Bc6 23. Nc3 Bb7 24. Qf2 Nb6 25. g4 Nxc4 26. bxc4 Qb6 27. Nd1 Nd7 28. Rb3 Qc7 29. Qe3 Nb6 30. Qc3 f6 31. Ne3 Na4 32. Rxb7 Qxb7 33. Qb3 Qc6 34. Nd1 e3 35. Bxf6 exd2+ 36. Kb1 Rb7 37. Rh2 gxf6 38. Rxd2 Rxb3+ 39. cxb3 Nb6 40. Nc3 Re3 41. Nd5 Nxd5 0-1

[Event "Valencia Region-ch Primera"]
[Site "Valencia"]
[Date "2015.10.03"]
[Round "1.6"]
[White "Torrijos Alhambra, Julian"]
[Black "Conde Rodado, Daniel"]
[Result "1-0"]
[WhiteElo "1612"]
[BlackElo "1818"]
[PlyCount "47"]
[EventDate "2015.10.03"]
[EventType "swiss"]
[EventRounds "7"]
[EventCountry "ESP"]
[SourceTitle "EXT 2024"]
[Source "ChessBase"]
[SourceDate "2023.10.10"]
[SourceVersion "1"]
[SourceVersionDate "2023.10.10"]
[SourceQuality "1"]

1. e4 c5 2. Nf3 d6 3. d4 cxd4 4. Nxd4 Nf6 5. Nc3 a6 6. Be2 Nbd7 7. Bg5 Qc7 8. Qd2 e6 9. f4 b5 10. a3 Bb7 11. Bf3 Be7 12. 0-0-0 Nb6 13. Rhe1 Nc4 14. Qd3 Rc8 15. e5 Bxf3 16. gxf3 dxe5 17. fxe5 Nxe5 18. Qe2 Nc4 19. Nxe6 fxe6 20. Qxe6 Rf8 21. Nd5 Nxd5 22. Rxd5 Rf7 23. Bxe7 Qf4+ 24. Kb1 1-0